SARAGORI AJAN (Record no. 8259)
[ view plain ]
| 000 -LEADER | |
|---|---|
| fixed length control field | 00394cam a2200169ua 4500 |
| 008 - FIXED-LENGTH DATA ELEMENTS--GENERAL INFORMATION | |
| fixed length control field | 110706n II |||gr||||Z||||||asm |
| 040 ## - CATALOGING SOURCE | |
| Original cataloging agency | MAIN |
| 041 ## - LANGUAGE CODE | |
| -- | English |
| 082 ## - DEWEY DECIMAL CLASSIFICATION NUMBER | |
| Classification number | 891.451 RAH |
| 100 ## - MAIN ENTRY--PERSONAL NAME | |
| Personal name | RAHMAN , HAFIZUR . |
| 245 ## - TITLE STATEMENT | |
| Title | SARAGORI AJAN |
| 260 ## - PUBLICATION, DISTRIBUTION, ETC. | |
| Place of publication, distribution, etc. | SIBSAGAR: |
| Name of publisher, distributor, etc. | HAZAAT AJANPIR GOBESWAR, |
| Date of publication, distribution, etc. | 1986. |
| 300 ## - PHYSICAL DESCRIPTION | |
| Extent | 90. |
| 942 ## - ADDED ENTRY ELEMENTS (KOHA) | |
| Koha item type | Books |
| 653 ## - INDEX TERM--UNCONTROLLED | |
| Uncontrolled term | ASSAMESE LITERATURE |
| Withdrawn status | Lost status | Damaged status | Not for loan | Collection code | Home library | Current library | Shelving location | Date acquired | Full call number | Barcode | Date last seen | Copy number | Price effective from | Koha item type | Public note | Source of classification or shelving scheme |
|---|---|---|---|---|---|---|---|---|---|---|---|---|---|---|---|---|
| REFASM | Central Library and Information Centre Sibsagar Girls College | Central Library and Information Centre Sibsagar Girls College | Location Not Found | 20.04.1983 | 891.451 RAH | 07428 | 27.02.2020 | 1 | 27.02.2020 | Books | ||||||
| REFASM | Central Library and Information Centre Sibsagar Girls College | Central Library and Information Centre Sibsagar Girls College | ASSAMESE OLD REFERENCE | 20.04.1983 | 891.451 RAH | 07429 | 27.02.2020 | 2 | 27.02.2020 | Books | V | |||||
| REFASM | Central Library and Information Centre Sibsagar Girls College | Central Library and Information Centre Sibsagar Girls College | BBLMC | 15.06.2023 | 891.451 RAH | 48028 | 15.06.2023 | 15.06.2023 | Books | Donated by Biren Borkotoky Family | Dewey Decimal Classification | |||||
| REFASM | Central Library and Information Centre Sibsagar Girls College | Central Library and Information Centre Sibsagar Girls College | BBLMC | 18.02.2022 | 891.451 RAH | 45082 | 16.06.2023 | 16.06.2023 | Books | Donated by B.Borkotoky Family | Dewey Decimal Classification |